Innovation and the evolution of market structure

में बचाया:
ग्रंथसूची विवरण
स्वरूप: पुस्तक
भाषा:Undetermined
प्रकाशित: London London Business Scholl 1987
विषय:
टैग : टैग जोड़ें
कोई टैग नहीं, इस रिकॉर्ड को टैग करने वाले पहले व्यक्ति बनें!
Thư viện lưu trữ: Trung tâm Học liệu Trường Đại học Cần Thơ
LEADER 00463nam a2200169Ia 4500
001 CTU_87138
008 210402s9999 xx 000 0 und d
082 |a 658.8 
082 |b I.58 
245 0 |a Innovation and the evolution of market structure 
260 |a London 
260 |b London Business Scholl 
260 |c 1987 
650 |a marketing 
650 |x statistical methods 
904 |i Tuyến 
980 |a Trung tâm Học liệu Trường Đại học Cần Thơ